000 01678nam0a22003371 4500
001 rc\2315017
005 20110829142824.4
035 _a(NLR Aleph) 006671908
090 _a4996485
_c4996485
100 _a20110829d1977 |||y0rusy50 ca
101 0 _arus
102 _aRU
105 _aa z |||||
200 1 _aЗакладка выработанного пространства на шахтах Центрального района Донбасса
_e(Обзор)
_fА.Ф. Остапенко, О.И. Квасник, Б.С. Чариков, Н.В. Кузнецов
_gЦентр. науч.-исслед. ин-т экономики и науч.-техн. информации угольной пром-сти
210 _aМосква
_cЦНИЭИуголь
_d1977
215 _a54 с.
_cил.
_d20
225 1 _aСерия "Технология добычи угля подземным способом"
320 _aСписок лит.: с. 52-54 (31 назв.)
606 _aГорные выработки
_jОбзоры литературы информационные
_xЗакладка выработанного пространства
_2rkp
606 _aУгольные месторождения
_jОбзоры литературы информационные
_xСистемы разработки
_2rkp
701 1 _aЧариков
_bБ. С.
701 1 _aКузнецов
_bН. В.
701 1 _aКвасник
_bО. И.
701 1 _aОстапенко
_bА. Ф.
801 0 _aRU
_bNLR
_gpsbo
801 1 _aRU
_bELAR
_2rusmarc
852 _aNLR
_j77-4/13602
899 _aRuMoRGB
_jБ 77-54/654
899 _aRuMoRGB
_jБ 77-54/655
942 _cBOOK
980 _aNB